000
00284nam a2200121 a 4500
008
101208s1964|||| d
245
1
0
_a
Moderné umenie a dnešok
100
1
_a
Zykmund, Václav
260
_b
SVKL
_a
Bratislava
_c
1964
020
_c
13
041
_a
slo
044
_a
xo
_c
SK
999
_c
14930
_d
14930